[Event "LEM Nachwuchs M-V u16 08.-12.02.2020"]
[Site "Atrium Fleesenseeschule Malch"]
[Date "2020.02.11"]
[Round "6.9"]
[White "Engel, Benedikt"]
[Black "Le, Tomab Linh"]
[Result "0-1"]
[WhiteElo "1194"]
[BlackElo "1571"]
[PlyCount "108"]
[EventDate "2020.??.??"]
[WhiteTeam "SC Mecklenburger Springer"]
[BlackTeam "SG Neubrandenburg"]

1. d4 Nf6 2. c4 g6 3. Nc3 Bg7 4. e4 d6 5. f4 O-O 6. Nf3 Nc6 7. Be2 Re8 8. O-O
Bd7 9. e5 Ng4 10. h3 Nh6 11. Kh2 a6 12. Rg1 Na7 13. Be3 f6 14. Qd2 Nf7 15. exf6
exf6 16. Bf2 b5 17. a3 Bh6 18. Rae1 Qc8 19. Bd3 c6 20. Rxe8+ Qxe8 21. Re1 Qd8
22. Ne4 bxc4 23. Bxc4 d5 24. Bxa6 dxe4 25. Rxe4 Bf5 26. Re1 Qd6 27. Be3 Ng5 28.
Be2 Kg7 29. g3 Ne4 30. Qc1 Re8 31. d5 Re7 32. dxc6 Nxc6 33. Bc5 Nxc5 34. Kg2
Nd3 35. Bxd3 Rxe1 36. Qxe1 Qxd3 37. Kf2 Bxh3 38. Qc1 Qd7 39. Qc2 Qa7+ 40. Ke1
Qe3+ 41. Qe2 Qxe2+ 42. Kxe2 Bg4 43. Ke3 Bxf3 44. Kxf3 Kf7 45. Ke4 Ke6 46. b4
f5+ 47. Kd3 Kd5 48. Kc3 Bf8 49. Kb3 Nxb4 50. axb4 Bxb4 51. Kxb4 Ke4 52. Kc4 Kf3
53. Kd4 Kxg3 54. Ke3 h5 0-1

[Event "LEM Nachwuchs M-V u16 08.-12.02.2020"]
[Site "Atrium Fleesenseeschule Malch"]
[Date "2020.02.11"]
[Round "6.10"]
[White "Tennigkeit, Paul"]
[Black "Ahmed Ibrahim, Labed"]
[Result "1-0"]
[WhiteElo "1511"]
[BlackElo "1045"]
[PlyCount "97"]
[EventDate "2020.??.??"]
[WhiteTeam "Lok Pritzwalk"]
[BlackTeam "SV Motor Wolgast"]

1. e4 c5 2. Nf3 Nc6 3. c3 g6 4. d4 cxd4 5. cxd4 Bg7 6. Nc3 d6 7. Bb5 Bd7 8. O-O
a6 9. Bxc6 Bxc6 10. Re1 e5 11. d5 Bd7 12. h3 Ne7 13. Be3 f5 14. Rc1 f4 15. Bd2
O-O 16. Nh2 g5 17. Qh5 Ng6 18. Rf1 Be8 19. Qe2 Qd7 20. b3 Nh4 21. Na4 f3 22.
Nxf3 Nxf3+ 23. gxf3 Qxh3 24. Rc3 Bh5 25. f4 Bxe2 26. Rxh3 Bxf1 27. Kxf1 gxf4
28. Nb6 Rad8 29. Bb4 Rf6 30. Rc3 Bf8 31. f3 Rf7 32. a4 h5 33. Rc2 Kg7 34. Rg2+
Kf6 35. Be1 Rg7 36. Bh4+ Kf7 37. Rxg7+ Kxg7 38. Bxd8 Kf7 39. Kf2 Ke8 40. Bh4
Be7 41. Bxe7 Kxe7 42. Kg2 Kd8 43. a5 Ke7 44. Kh3 Kf6 45. Kh4 Kg6 46. Nc8 Kf6
47. Nxd6 Ke7 48. Nxb7 Kd7 49. Nc5+ 1-0

[Event "LEM Nachwuchs M-V u16 08.-12.02.2020"]
[Site "Atrium Fleesenseeschule Malch"]
[Date "2020.02.12"]
[Round "7.1"]
[White "Breß, Aaron"]
[Black "Fromm, Marius"]
[Result "0-1"]
[WhiteElo "1793"]
[BlackElo "2196"]
[PlyCount "108"]
[EventDate "2020.??.??"]
[WhiteTeam "SAV Torgelow"]
[BlackTeam "Greifswalder SV"]

1. e4 e5 2. Nf3 Nc6 3. Bb5 a6 4. Ba4 Nf6 5. O-O Be7 6. Re1 b5 7. Bb3 O-O 8. h3
Bb7 9. c3 d5 10. exd5 Nxd5 11. d3 Qd6 12. Nbd2 Rfe8 13. Ne4 Qd7 14. a4 Rad8 15.
axb5 axb5 16. Bd2 h6 17. Qc2 Nb6 18. Re3 Bf8 19. Rd1 Kh8 20. Ng3 Nd5 21. Ree1
Nf4 22. Bxf4 exf4 23. Ne2 Na5 24. Ba2 Bxf3 25. gxf3 Qxh3 26. Nxf4 Rxe1+ 27.
Rxe1 Qxf3 28. Ng2 Bd6 29. Qe2 Qf6 30. Qe4 Nc6 31. d4 Ne7 32. Bb1 g6 33. f4 Kg7
34. Re3 Nf5 35. Rh3 c5 36. d5 c4 37. Qe1 Bc5+ 38. Kh1 Rxd5 39. Be4 Rd7 40. Bc2
Re7 41. Qd2 Qe6 42. Bxf5 Qxf5 43. Kh2 Qb1 44. Rf3 Qe4 45. Kg3 h5 46. Qd1 Qf5
47. Kh2 Rd7 48. Qe1 Rd3 49. Rxd3 cxd3 50. Qd2 Qe4 51. Kg3 Qe2 52. Qxe2 dxe2 53.
Kf3 h4 54. Ne1 h3 0-1

[Event "LEM Nachwuchs M-V u16 08.-12.02.2020"]
[Site "Atrium Fleesenseeschule Malch"]
[Date "2020.02.12"]
[Round "7.2"]
[White "Kallweit, Paul"]
[Black "Troyke, Jannis"]
[Result "1/2-1/2"]
[WhiteElo "1832"]
[BlackElo "1827"]
[PlyCount "96"]
[EventDate "2020.??.??"]
[WhiteTeam "Greifswalder SV"]
[BlackTeam "Greifswalder SV"]

1. c4 Nf6 2. Nc3 d5 3. cxd5 Nxd5 4. e4 Nxc3 5. bxc3 g6 6. Nf3 Bg7 7. Bc4 O-O 8.
h3 c5 9. O-O Nc6 10. Qc2 a6 11. a4 Qc7 12. Rb1 Rd8 13. Ba3 b6 14. Qb3 Qf4 15.
Bxf7+ Qxf7 16. Qxb6 Bd7 17. Qxc5 Rac8 18. Ng5 Qf6 19. Qc4+ e6 20. f4 h6 21. Nf3
Qxf4 22. Qe2 Rb8 23. d4 Rxb1 24. Rxb1 Nb8 25. Rf1 Qc7 26. Qe3 Bxa4 27. Ne5 Bxe5
28. dxe5 Bb5 29. Bd6 Qg7 30. Rc1 Rc8 31. c4 Be8 32. Qb6 Nc6 33. Qxa6 Qa7+ 34.
Qxa7 Nxa7 35. Ra1 Nc6 36. Kf2 Nd4 37. Rc1 Nb3 38. Rc3 Nc5 39. Ke3 Kf7 40. Kd4
Nd7 41. Rb3 g5 42. Rb7 Kg6 43. c5 h5 44. g3 h4 45. gxh4 gxh4 46. Rb2 Kh5 47.
Ke3 Bg6 48. Kd4 Be8 1/2-1/2

[Event "LEM Nachwuchs M-V u16 08.-12.02.2020"]
[Site "Atrium Fleesenseeschule Malch"]
[Date "2020.02.12"]
[Round "7.3"]
[White "Großmann, Piet"]
[Black "Quiram, Arne"]
[Result "1-0"]
[WhiteElo "1818"]
[BlackElo "1643"]
[PlyCount "57"]
[EventDate "2020.??.??"]
[WhiteTeam "SAV Torgelow"]
[BlackTeam "ESV Waren"]

1. e4 c5 2. Nf3 d6 3. d4 cxd4 4. Nxd4 Bd7 5. Nc3 Nc6 6. Be3 g6 7. Bc4 Bg7 8. f3
Nf6 9. Qd2 O-O 10. O-O-O a6 11. Bb3 Rc8 12. Kb1 b5 13. h4 h5 14. Nd5 Ne5 15.
Bh6 Nxd5 16. Bxd5 Nc4 17. Qc1 Qc7 18. Bxg7 Kxg7 19. g4 e5 20. Nf5+ gxf5 21.
Qg5+ Kh7 22. Qxh5+ Kg7 23. Bxc4 Qxc4 24. Qg5+ Kh7 25. gxf5 Rg8 26. Qh5+ Kg7 27.
Rhg1+ Kf8 28. Qh6+ Ke7 29. Qxd6+ 1-0

[Event "LEM Nachwuchs M-V u16 08.-12.02.2020"]
[Site "Atrium Fleesenseeschule Malch"]
[Date "2020.02.12"]
[Round "7.4"]
[White "Johlke, Lukas"]
[Black "Böttner, Oliver"]
[Result "0-1"]
[WhiteElo "1608"]
[BlackElo "1574"]
[PlyCount "78"]
[EventDate "2020.??.??"]
[WhiteTeam "SG Jasmund"]
[BlackTeam "HSG Stralsund"]

1. e4 c5 2. Nf3 Nf6 3. e5 Nd5 4. c3 Nc6 5. d4 e6 6. Be2 Be7 7. O-O O-O 8. Nbd2
b6 9. Ne4 cxd4 10. cxd4 Bb7 11. a3 d6 12. Qd3 dxe5 13. Nxe5 Nf6 14. Nxc6 Bxc6
15. Bf3 Qd7 16. Be3 Rad8 17. Qc2 Rc8 18. Nc3 Bxf3 19. gxf3 Nd5 20. Kh1 Nxc3 21.
bxc3 Qc6 22. Rg1 Qxf3+ 23. Rg2 Kh8 24. Rag1 Rg8 25. Qa4 Rxc3 26. Qxa7 Bxa3 27.
Qxb6 Bf8 28. Qb1 Ra3 29. Qb5 Ra8 30. Qg5 Re8 31. Qh4 Be7 32. Bg5 Bxg5 33. Qxg5
Rd8 34. Qh4 Rd5 35. Qe7 Rxd4 36. Qa7 Rd1 37. Rxd1 Qxd1+ 38. Rg1 Qf3+ 39. Rg2
Rd8 0-1

[Event "LEM Nachwuchs M-V u16 08.-12.02.2020"]
[Site "Atrium Fleesenseeschule Malch"]
[Date "2020.02.12"]
[Round "7.5"]
[White "Wucherer, Sophie"]
[Black "Kruse, Johannes"]
[Result "0-1"]
[WhiteElo "1602"]
[BlackElo "1454"]
[PlyCount "104"]
[EventDate "2020.??.??"]
[WhiteTeam "Greifswalder SV"]
[BlackTeam "ESV Waren"]

1. d4 Nf6 2. c4 g6 3. g3 Bg7 4. Bg2 O-O 5. Nc3 d6 6. Nf3 c5 7. O-O Nc6 8. dxc5
dxc5 9. Be3 Qa5 10. Qa4 Ng4 11. Qxa5 Nxa5 12. Bxc5 Bxc3 13. bxc3 Nxc4 14. Nd4
Re8 15. Nb5 Bd7 16. Nd4 e5 17. Nb3 Bc6 18. Bxc6 bxc6 19. Rfd1 Nf6 20. Nd2 Nxd2
21. Rxd2 Ne4 22. Be3 Nxd2 23. Bxd2 Red8 24. Be3 a6 25. Bg5 Rd6 26. Rb1 f6 27.
Be3 Rd7 28. Kg2 Kf7 29. Rb6 Rc7 30. Bc5 Ke6 31. e4 Kd7 32. Rb2 Ke6 33. c4 a5
34. a4 Rd8 35. Bb6 Rb7 36. c5 Rd4 37. Ra2 Rxe4 38. Bxa5 Ra7 39. Bb6 Raxa4 40.
Rd2 Red4 41. Re2 Kd5 42. Rc2 f5 43. Kf1 h5 44. Kg2 h4 45. Kh3 hxg3 46. hxg3 g5
47. Kh2 f4 48. Kg2 e4 49. gxf4 gxf4 50. Kh3 e3 51. fxe3 fxe3 52. Kg3 Rd2 0-1

[Event "LEM Nachwuchs M-V u16 08.-12.02.2020"]
[Site "Atrium Fleesenseeschule Malch"]
[Date "2020.02.12"]
[Round "7.6"]
[White "Marzisch, Darius"]
[Black "Jenschke, Tim"]
[Result "1/2-1/2"]
[WhiteElo "1494"]
[BlackElo "1531"]
[PlyCount "54"]
[EventDate "2020.??.??"]
[WhiteTeam "SG Neubrandenburg"]
[BlackTeam "HSG Stralsund"]

1. e4 c5 2. Nf3 Nc6 3. d4 cxd4 4. Nxd4 d6 5. Nc3 g6 6. Be3 Bg7 7. Qd2 Bd7 8.
O-O-O Nf6 9. f3 O-O 10. g4 a6 11. h4 h5 12. g5 Ne8 13. Be2 Rc8 14. Nd5 Nxd4 15.
Bxd4 Bxd4 16. Qxd4 Be6 17. Bc4 b5 18. Bb3 Rc5 19. Kb1 Nc7 20. Rd2 a5 21. a3 a4
22. Ba2 Nxd5 23. Bxd5 Bxd5 24. exd5 Rc4 25. Qe3 Qd7 26. Re2 Re8 27. Qf2 Qf5
1/2-1/2

[Event "LEM Nachwuchs M-V u16 08.-12.02.2020"]
[Site "Atrium Fleesenseeschule Malch"]
[Date "2020.02.12"]
[Round "7.7"]
[White "Röste, Hugo"]
[Black "Tennigkeit, Paul"]
[Result "1/2-1/2"]
[WhiteElo "1573"]
[BlackElo "1511"]
[PlyCount "60"]
[EventDate "2020.??.??"]
[WhiteTeam "TuS Makkabi Rostock"]
[BlackTeam "Lok Pritzwalk"]

1. d4 d5 2. c4 c6 3. Nf3 e6 4. Nc3 Nf6 5. Bf4 Bd6 6. Bg5 Nbd7 7. e3 O-O 8. Qc2
h6 9. Bh4 Be7 10. cxd5 Nxd5 11. Bxe7 Qxe7 12. Nxd5 exd5 13. Bd3 Nf6 14. O-O Bg4
15. Ne5 Be6 16. h3 Nd7 17. Nf3 Qf6 18. b4 Bxh3 19. Be2 Bg4 20. a3 a6 21. Rfc1
Qd6 22. Qd2 Nf6 23. Ne5 Bxe2 24. Qxe2 Nd7 25. Nd3 Qf6 26. Nc5 Nxc5 27. bxc5
Rfe8 28. Qd3 Re7 29. Rab1 Qe6 30. Rb3 Ra7 1/2-1/2

[Event "LEM Nachwuchs M-V u16 08.-12.02.2020"]
[Site "Atrium Fleesenseeschule Malch"]
[Date "2020.02.12"]
[Round "7.8"]
[White "Avetyan, Manan"]
[Black "Johlke, Lorenz"]
[Result "0-1"]
[WhiteElo "1356"]
[BlackElo "1675"]
[PlyCount "96"]
[EventDate "2020.??.??"]
[WhiteTeam "ASV Wismar"]
[BlackTeam "SG Jasmund"]

1. e4 e6 2. d4 d5 3. Nd2 c5 4. Ne2 Nc6 5. c3 Qb6 6. exd5 exd5 7. Nf3 Nf6 8. Ng3
Bg4 9. Qe2+ Be7 10. dxc5 Qxc5 11. Be3 d4 12. cxd4 Qb4+ 13. Qd2 Qxd2+ 14. Nxd2
Rd8 15. Bb5 Bd7 16. Bxc6 Bxc6 17. O-O Nd5 18. a3 Nxe3 19. fxe3 O-O 20. Rad1 Bg5
21. Rfe1 Rfe8 22. Ndf1 Rd7 23. h3 g6 24. e4 Rde7 25. e5 f6 26. d5 Bb5 27. d6
Rxe5 28. Rxe5 fxe5 29. Ne4 Bd8 30. Nc5 Bb6 31. b4 Rd8 32. Kh2 Bxf1 33. Rxf1
Rxd6 34. Nxb7 Rd7 35. Nc5 Bxc5 36. bxc5 Rc7 37. Rc1 Kf7 38. c6 Ke6 39. g4 Kd6
40. Kg3 Rxc6 41. Rd1+ Ke6 42. Rd3 Rc4 43. Kh4 e4 44. Rb3 Kd5 45. Rb7 e3 46. Kg3
Re4 47. Kf3 e2 48. Rd7+ Kc6 0-1

[Event "LEM Nachwuchs M-V u16 08.-12.02.2020"]
[Site "Atrium Fleesenseeschule Malch"]
[Date "2020.02.12"]
[Round "7.9"]
[White "Ahmed Ibrahim, Labed"]
[Black "Le, Tomab Linh"]
[Result "0-1"]
[WhiteElo "1045"]
[BlackElo "1571"]
[PlyCount "76"]
[EventDate "2020.??.??"]
[WhiteTeam "SV Motor Wolgast"]
[BlackTeam "SG Neubrandenburg"]

1. d4 Nf6 2. c4 g6 3. Nc3 Bg7 4. e4 d6 5. h3 O-O 6. Nf3 Nbd7 7. Qc2 e5 8. d5 a5
9. a4 Nc5 10. Be3 Bd7 11. Bxc5 dxc5 12. Rd1 Ne8 13. Nb5 Bxb5 14. cxb5 b6 15.
Bc4 Nd6 16. b3 Qd7 17. g4 Kh8 18. Ke2 Rae8 19. Rdg1 Bh6 20. g5 Bg7 21. h4 f5
22. gxf6 Rxf6 23. Rg2 Ref8 24. Nxe5 Qe8 25. Ng4 Rf4 26. Kd1 Rxe4 27. f3 Rxf3
28. Bd3 Rd4 29. Re2 Rdxd3+ 30. Kc1 Qc8 31. Qa2 Qxg4 32. Rhe1 Rc3+ 33. Rc2 Qf4+
34. Kd1 Rxc2 35. Qxc2 Qd4+ 36. Ke2 Re3+ 37. Kf1 Qf4+ 38. Qf2 Rf3 0-1

[Event "LEM Nachwuchs M-V u16 08.-12.02.2020"]
[Site "Atrium Fleesenseeschule Malch"]
[Date "2020.02.12"]
[Round "7.10"]
[White "Focke, Yannick"]
[Black "Engel, Benedikt"]
[Result "1-0"]
[WhiteElo "1508"]
[BlackElo "1194"]
[PlyCount "59"]
[EventDate "2020.??.??"]
[WhiteTeam "SF Schwerin"]
[BlackTeam "SC Mecklenburger Springer"]

1. e4 c5 2. Nf3 d6 3. d4 cxd4 4. Nxd4 a6 5. Nc3 Nf6 6. Be3 Qc7 7. f3 e5 8. Nb3
Be7 9. Qd2 Be6 10. O-O-O O-O 11. g4 Nbd7 12. h4 b5 13. h5 Nb6 14. g5 Ne8 15. h6
Nc4 16. Bxc4 Bxc4 17. hxg7 Nxg7 18. Qh2 f6 19. Qxh7+ Kf7 20. g6+ Ke8 21. Qxg7
Rc8 22. Rd2 b4 23. Nd5 Bxd5 24. exd5 Kd7 25. Qh7 Rce8 26. Qh6 Qd8 27. g7 Rg8
28. Rdh2 f5 29. Qe6+ Kc7 30. Qxf5 1-0

[Event "LEM Nachwuchs M-V u14 08.-12.02.2020"]
[Site "Aula Fleesenseeschule Malchow"]
[Date "2020.02.08"]
[Round "1.1"]
[White "Wiechhusen, Laurin-Elias"]
[Black "Tovmasyan, Minas"]
[Result "0-1"]
[WhiteElo "1314"]
[BlackElo "1652"]
[PlyCount "70"]
[EventDate "2020.??.??"]
[EventRounds "7"]
[WhiteTeam "SF Schwerin"]
[BlackTeam "TuS Makkabi Rostock"]

{[%evp 0,70,23,11,62,41,63,51,84,104,90,80,77,72,69,51,102,102,99,71,123,63,94,
-91,-91,-101,-88,-148,-135,-159,-106,-87,-87,-192,-160,-303,-295,-296,-319,
-315,-291,-291,-290,-301,-287,-311,-291,-288,-302,-336,-346,-348,-361,-383,
-398,-399,-401,-430,-429,-486,-490,-558,-360,-393,-393,-464,-352,-475,-412,
-476,-452,-492,-432]} 1. e4 c5 2. Nf3 e6 3. Nc3 a6 4. Be2 d6 5. d4 cxd4 6. Nxd4
Nf6 7. O-O Qc7 8. Bg5 Be7 9. Qd3 b5 10. Rfd1 O-O 11. Ndxb5 axb5 12. Nxb5 Qc6
13. Bxf6 Bxf6 14. Qxd6 Ba6 15. Qxc6 Nxc6 16. Rd6 Rfc8 17. Nc3 Bxe2 18. Nxe2
Bxb2 19. Rad1 g6 20. c3 Rxa2 21. R6d2 Rca8 22. Rb1 Ba1 23. Rxa2 Rxa2 24. Nc1
Ra4 25. Ne2 Rxe4 26. Rxa1 Rxe2 27. Kf1 Rc2 28. Ra3 Ne5 29. Ra5 Ng4 30. f3 Nf2
31. Ra8+ Kg7 32. Rc8 Kf6 33. c4 Nd3 34. Rd8 Ne5 35. Rd4 Rxc4 0-1

[Event "LEM Nachwuchs M-V u14 08.-12.02.2020"]
[Site "Aula Fleesenseeschule Malchow"]
[Date "2020.02.08"]
[Round "1.2"]
[White "Wellßow, Keoki"]
[Black "Karff, Tom"]
[Result "1-0"]
[WhiteElo "1544"]
[BlackElo "1301"]
[PlyCount "91"]
[EventDate "2020.??.??"]
[EventRounds "7"]
[WhiteTeam "SG Jasmund"]
[BlackTeam "SV Malchow"]

{[%evp 0,91,23,-19,-5,-50,-65,-65,-52,-44,-35,-64,-64,-64,-16,-35,26,4,241,220,
272,291,299,305,308,316,336,329,294,283,283,295,298,288,299,259,363,325,365,
363,363,349,409,398,380,380,393,343,386,371,377,357,451,467,467,467,465,492,
535,535,535,463,507,561,601,573,615,647,787,714,830,913,869,835,913,913,1026,
1367,1459,1459,1887,2678,2678,1685,29977,29978,29979,2084,29983,29984,29985,
29986,29987,29988]} 1. c4 e5 2. g3 Nf6 3. Bg2 Bc5 4. Nc3 d6 5. a3 Nc6 6. e3 a6
7. Nge2 Rb8 8. O-O Be6 9. d4 exd4 10. exd4 Ba7 11. d5 Bd7 12. dxc6 Bxc6 13.
Bxc6+ bxc6 14. Nd4 Bxd4 15. Qxd4 O-O 16. b4 h6 17. Re1 Re8 18. Rxe8+ Qxe8 19.
Bxh6 Qe6 20. Bd2 Re8 21. Re1 Qd7 22. Rxe8+ Qxe8 23. Qe3 Qd7 24. Qf3 Ng4 25. Bf4
Ne5 26. Bxe5 dxe5 27. Ne4 Qd4 28. Qg4 g6 29. Nf6+ Kg7 30. Ne8+ Kf8 31. Qxd4
exd4 32. Nxc7 Ke7 33. Nxa6 Kd6 34. Nc5 f5 35. f4 Kc7 36. Kf2 Kd6 37. Ke2 d3+
38. Kxd3 Kc7 39. a4 Kb6 40. a5+ Ka7 41. a6 Ka8 42. Kd4 Ka7 43. h3 Kb8 44. g4
Ka7 45. gxf5 gxf5 46. h4 1-0

[Event "LEM Nachwuchs M-V u14 08.-12.02.2020"]
[Site "Aula Fleesenseeschule Malchow"]
[Date "2020.02.08"]
[Round "1.3"]
[White "Janssen, Joris Frederik"]
[Black "Breß, Amy Charlize"]
[Result "1/2-1/2"]
[WhiteElo "1291"]
[BlackElo "1473"]
[PlyCount "136"]
[EventDate "2020.??.??"]
[EventRounds "7"]
[WhiteTeam "TuS Makkabi Rostock"]
[BlackTeam "SAV Torgelow"]

{[%evp 0,136,23,25,28,14,34,29,36,47,34,-8,55,-18,-15,-71,-51,-51,-41,-36,-41,
-40,-25,-42,-22,-56,-36,-65,-42,-77,-67,-110,-45,-63,-43,-137,-18,-15,25,8,111,
0,137,80,136,140,140,107,107,84,87,87,226,226,236,236,236,199,210,163,160,164,
173,173,170,152,145,134,134,122,122,114,122,104,130,102,120,122,156,157,224,
224,224,224,224,193,239,205,205,205,239,296,356,311,333,190,190,190,182,305,
452,212,349,212,212,212,212,212,248,138,165,116,116,100,204,116,120,104,100,0,
24,0,0,0,0,0,0,0,0,0,0,0,0,0,0,0,0,0,0]} 1. d4 Nf6 2. Bf4 e6 3. Nf3 c5 4. e3
Nc6 5. h3 Be7 6. Bd3 Qb6 7. b3 cxd4 8. exd4 Nxd4 9. Nbd2 Nxf3+ 10. Nxf3 Bd6 11.
Bd2 O-O 12. O-O Qc7 13. c4 b6 14. Qc2 Bb7 15. Bg5 h6 16. Bxf6 gxf6 17. Rae1 Kh8
18. Be4 Bxe4 19. Rxe4 f5 20. Qd2 Kg7 21. Rh4 Rh8 22. Rd4 Be7 23. Rxd7 Qc5 24.
Qd4+ Qxd4 25. Nxd4 Bc5 26. Nxe6+ Kf6 27. Nxc5 bxc5 28. Rd5 Rac8 29. Re1 Rhd8
30. Ree5 Rxd5 31. Rxd5 Rc6 32. f4 a5 33. Kf2 a4 34. Kf3 axb3 35. axb3 Rb6 36.
Rd3 Ke6 37. Ke3 Ke7 38. Kd2 Ke6 39. Kc3 Kf6 40. Rd5 Rc6 41. b4 cxb4+ 42. Kxb4
Ke6 43. Rc5 Rb6+ 44. Rb5 Rc6 45. Re5+ Kf6 46. Kb5 Rc8 47. g4 fxg4 48. hxg4 Kg6
49. c5 Rb8+ 50. Kc6 Rb4 51. Kd7 Rxf4 52. c6 Rxg4 53. Rc5 Ra4 54. Kc7 Ra8 55.
Kb7 Re8 56. Rd5 Kf6 57. Rd6+ Kg5 58. Rd7 f5 59. c7 f4 60. Kc6 Rc8 61. Rd8 Rxc7+
62. Kxc7 f3 63. Kd6 Kg4 64. Ke5 f2 65. Rg8+ Kh3 66. Rf8 Kg2 67. Rxf2+ Kxf2 68.
Kf4 h5 1/2-1/2

[Event "LEM Nachwuchs M-V u14 08.-12.02.2020"]
[Site "Aula Fleesenseeschule Malchow"]
[Date "2020.02.08"]
[Round "1.4"]
[White "Scharf, Christian"]
[Black "Kirchner, Bao Long Marc"]
[Result "1-0"]
[WhiteElo "1050"]
[BlackElo "1222"]
[PlyCount "115"]
[EventDate "2020.??.??"]
[EventRounds "7"]
[WhiteTeam "SG Güstrow"]
[BlackTeam "TuS Makkabi Rostock"]

{[%evp 0,115,23,11,34,34,34,3,66,36,111,109,120,111,160,79,101,109,455,176,137,
138,138,150,163,113,126,107,104,120,114,80,108,113,100,83,74,76,127,115,99,57,
270,270,270,270,270,270,270,270,318,318,402,322,402,402,402,384,442,490,513,
466,516,516,720,852,1265,1265,1265,1494,1440,1085,1083,1185,1494,1185,1193,
1234,1234,1234,1234,1234,1234,1234,1234,1259,1308,1308,1300,1091,1091,1026,
1024,1022,1022,1022,1022,782,1008,972,982,990,1016,1016,1015,1032,1299,1269,
1289,447,29959,1269,1269,1455,1301,1301,29985,29986]} 1. e4 e5 2. Nf3 Nc6 3.
Bb5 f6 4. O-O Bb4 5. c3 Ba5 6. d4 Nge7 7. Bxc6 Nxc6 8. dxe5 Nxe5 9. Nxe5 fxe5
10. Qh5+ Kf8 11. Qxe5 Bb6 12. Be3 d6 13. Qf4+ Ke8 14. Bxb6 axb6 15. Rd1 Rf8 16.
Qe3 Qf6 17. Nd2 Be6 18. b3 Qf7 19. Nf3 Bg4 20. Ng5 Qxf2+ 21. Qxf2 Rxf2 22. Kxf2
Bxd1 23. Rxd1 Rxa2+ 24. Kf3 h6 25. Ne6 Ra3 26. Rb1 c5 27. Nxg7+ Kd7 28. Nf5 Kc6
29. Nxh6 c4 30. g4 cxb3 31. g5 Kc5 32. g6 Kc4 33. g7 Ra8 34. g8=Q+ Rxg8 35.
Nxg8 Kxc3 36. h4 b5 37. h5 b4 38. h6 Kc2 39. Rh1 b2 40. h7 b1=Q 41. Rxb1 Kxb1
42. h8=Q b3 43. Qh1+ Ka2 44. Qg2+ b2 45. Kf4 Ka1 46. Qf1+ b1=Q 47. Qxb1+ Kxb1
48. Ne7 Kb2 49. Nc8 b5 50. Nxd6 b4 51. Nc4+ Kc3 52. Na5 Kd4 53. e5 Kc5 54. e6
Kb5 55. Nb3 Kc4 56. Nc1 Kd5 57. e7 b3 58. Nxb3 1-0

[Event "LEM Nachwuchs M-V u14 08.-12.02.2020"]
[Site "Aula Fleesenseeschule Malchow"]
[Date "2020.02.08"]
[Round "1.5"]
[White "Bieschke, Tom"]
[Black "Schott, Andy"]
[Result "0-1"]
[WhiteElo "1144"]
[BlackElo "1485"]
[PlyCount "96"]
[EventDate "2020.??.??"]
[EventRounds "7"]
[WhiteTeam "SG Neubrandenburg"]
[BlackTeam "SG Güstrow"]

{[%evp 0,96,23,11,26,34,34,26,32,19,19,7,9,9,45,-9,19,0,52,21,63,3,1,-13,-13,
-14,-13,-81,-35,-116,-44,-75,-41,-71,-42,-37,-48,-24,-18,-35,-7,-66,-43,-35,-4,
-56,-22,-46,-39,-39,-19,-106,-34,-56,-46,-62,-49,-61,-53,-45,-28,-94,-94,-111,
-141,-129,-129,-225,-212,-212,-213,-213,-209,-257,-242,-242,-315,-374,-304,
-271,-287,-277,-277,-277,-221,-232,-213,-247,-206,-212,-197,-206,-189,-171,
-162,-251,-304,-354,-136]} 1. e4 e5 2. Nf3 Nc6 3. Bc4 Bc5 4. d3 Nf6 5. Nc3 d6
6. Bg5 h6 7. Be3 Bb6 8. O-O Qe7 9. a3 Be6 10. Bb5 O-O 11. Bxc6 bxc6 12. Qd2 Bg4
13. Nh4 d5 14. f3 Bd7 15. Bxb6 cxb6 16. f4 exf4 17. Qxf4 dxe4 18. dxe4 Rfe8 19.
Rae1 Qe5 20. Qd2 Rad8 21. Nf3 Qa5 22. Qf4 Bg4 23. h3 Bxf3 24. Rxf3 Qc5+ 25.
Rfe3 Rd4 26. Qf2 Qc4 27. Qf3 Rd2 28. R3e2 Rxe2 29. Rxe2 b5 30. b3 Qc5+ 31. Qe3
Qxa3 32. e5 Nd7 33. Nd1 Rxe5 34. Qd2 Rxe2 35. Qxe2 a5 36. Qe8+ Nf8 37. Qxc6 Qc1
38. Qf3 Qxc2 39. Nf2 a4 40. bxa4 bxa4 41. Qa3 Qb3 42. Qxb3 axb3 43. Nd3 Nd7 44.
Kf2 Ne5 45. Nb2 f5 46. Ke3 g5 47. Kd4 Ng6 48. Nd3 Kf7 0-1

[Event "LEM Nachwuchs M-V u14 08.-12.02.2020"]
[Site "Aula Fleesenseeschule Malchow"]
[Date "2020.02.08"]
[Round "1.6"]
[White "Börger, Dan"]
[Black "Bohndorf, Jonas"]
[Result "1-0"]
[WhiteElo "1431"]
[BlackElo "1239"]
[PlyCount "41"]
[EventDate "2020.??.??"]
[EventRounds "7"]
[WhiteTeam "SC Mecklenburger Springer"]
[BlackTeam "SV Gryps"]

{[%evp 0,41,23,11,37,25,32,-2,-2,26,101,2,33,0,19,2,19,15,25,8,12,-22,30,-31,
61,-10,21,-8,24,63,48,6,47,58,127,134,134,9,281,302,394,78,1018,1018]} 1. e4 e5
2. Nf3 Nc6 3. Bc4 Nf6 4. Nc3 d6 5. h3 Be7 6. d3 O-O 7. Be3 Bd7 8. Qd2 Re8 9. d4
exd4 10. Nxd4 Nxd4 11. Bxd4 Bc6 12. Qd3 a6 13. O-O b5 14. Bb3 Qd7 15. Rab1 Rab8
16. Qg3 g6 17. Qf4 b4 18. Bxf6 bxc3 19. Bxc3 Bd8 20. Rbd1 Rxe4 21. Qh6 1-0

[Event "LEM Nachwuchs M-V u14 08.-12.02.2020"]
[Site "Aula Fleesenseeschule Malchow"]
[Date "2020.02.08"]
[Round "1.7"]
[White "Hampe, Tobias"]
[Black "Quade, Luca"]
[Result "1/2-1/2"]
[WhiteElo "1075"]
[BlackElo "1414"]
[PlyCount "47"]
[EventDate "2020.??.??"]
[EventRounds "7"]
[WhiteTeam "Lok Pritzwalk"]
[BlackTeam "SF Schwerin"]

{[%evp 0,47,23,11,54,28,66,66,87,90,142,117,108,92,155,157,170,166,142,112,156,
129,88,78,138,98,159,111,131,68,83,11,33,19,53,50,68,39,112,97,97,107,107,113,
126,118,193,227,219,199]} 1. e4 d5 2. exd5 Qxd5 3. Nc3 Qd8 4. Nf3 g6 5. Bc4 Bg7
6. d3 c5 7. O-O a6 8. Be3 Nd7 9. Ng5 e6 10. Nge4 Qc7 11. d4 b5 12. Be2 c4 13.
Bf3 Bb7 14. Qd2 Ngf6 15. Nd6+ Qxd6 16. Bxb7 Ra7 17. Bf3 O-O 18. d5 Nc5 19. dxe6
Qxd2 20. exf7+ Raxf7 21. Bxd2 b4 22. Nd5 Rd8 23. Nxf6+ Bxf6 24. Bxb4 1/2-1/2

[Event "LEM Nachwuchs M-V u14 08.-12.02.2020"]
[Site "Aula Fleesenseeschule Malchow"]
[Date "2020.02.08"]
[Round "1.8"]
[White "Subocz, Gabriel"]
[Black "Köpnick, Amanda"]
[Result "1-0"]
[WhiteElo "1411"]
[BlackElo "1030"]
[PlyCount "55"]
[EventDate "2020.??.??"]
[EventRounds "7"]
[WhiteTeam "SAV Torgelow"]
[BlackTeam "TuS Makkabi Rostock"]

{[%evp 0,55,23,11,38,41,59,37,20,24,37,32,33,19,42,29,41,3,67,31,29,29,98,115,
476,461,440,400,570,603,674,615,757,675,660,437,446,445,469,466,466,442,475,
460,471,460,492,482,492,492,864,864,873,818,794,675,987,1110]} 1. e4 e5 2. Nf3
Nc6 3. Bc4 Bc5 4. O-O Nf6 5. Nc3 h6 6. d3 O-O 7. Be3 Bb6 8. Qd2 Ng4 9. h3 Nxe3
10. fxe3 Qf6 11. Nd5 Qg6 12. Nxe5 Qg5 13. Nxb6 Qxe5 14. Nxa8 Nd8 15. Qc3 Qg5
16. Rf3 c6 17. Qb3 b5 18. Bxb5 cxb5 19. Nc7 a6 20. a4 Qe5 21. Nd5 bxa4 22. Rxa4
d6 23. Ra5 Nc6 24. Nf6+ gxf6 25. Rxe5 Nxe5 26. Rxf6 Be6 27. Qc3 Nd7 28. Rxh6
1-0